|
|
|
|
| LEADER |
00000nam a2200000 a 4500 |
| 001 |
vtls001314742 |
| 003 |
SK-MaSNL |
| 005 |
20260301114006.0 |
| 008 |
240315s1958 xx 0 und |
| 035 |
|
|
|a SNK000267206
|
| 040 |
|
|
|a SNK
|b slo
|c SNK
|e AACR2
|
| 100 |
1 |
|
|a Vaníček, Rudolf
|4 aut
|9 307393
|
| 245 |
1 |
|
|a Technologie 1
|b Tesař - A VI/3
|
| 260 |
|
|
|a Praha
|b Státní nakladatelství technické literatury
|c 1958
|
| 300 |
|
|
|a 100 s.
|
| 999 |
|
|
|c 716640
|d 718570
|
| 952 |
|
|
|t P60, <04>, [BOOK], {604}
|a SNK
|b SNK
|y VYP
|7 0
|p 17A0114816
|o snkIB 8140/1 D1
|0 0
|1 1
|4 0
|d 1997-12-16
|l 0
|r 2005-01-02 00:00:00
|w 2026-02-23
|